[Event "Baden OL 0102"]
[Site "?"]
[Date "2001.10.07"]
[Round "1.3"]
[White "Metz Hartmut"]
[Black "Bogdanovich Grigory"]
[Result "1-0"]
[WhiteElo "2334"]
[BlackElo "2369"]
[PlyCount "79"]
[EventDate "2001.??.??"]
[Source "www.chesslib.no"]
[SourceDate "2004.05.04"]

1. c3 d5 2. d4 e6 3. Bf4 Bd6 4. Bg3 Nd7 5. Nf3 f5 6. e3 Ngf6 7. Bxd6 cxd6 8. c4 O-O 9. Nc3 Nb6 10. cxd5 Nbxd5 11. Nxd5 Nxd5 12. Bc4 Bd7 13. O-O Bc6 14. Qb3 a6 15. Rfc1 Rf6 16. a3 Rh6 17. Qd1 Qe8 18. Ne1 Qe7 19. g3 Nf6 20. Be2 g5 21. Bf3 Ne4 22. Bg2 g4 23. Rxc6 bxc6 24. Bxe4 fxe4 25. Qxg4+ Rg6 26. Qxe4 d5 27. Qc2 e5 28. dxe5 Qxe5 29. Rd1 Rb8 30. Rd4 a5 31. Nd3 Qe7 32. Qc3 Ra8 33. Ra4 Qc7 34. Nf4 Rd6 35. Nh5 Qf7 36. Rg4+ Rg6 37. Rf4 Qe6 38. Nf6+ Kg7 39. Nxd5+ Kg8 40. Nc7 1-0

[Event "Lippstadt"]
[Site "Lippstadt"]
[Date "1999.07.25"]
[Round "4"]
[White "Matthias, Heiner"]
[Black "Brenke, Andreas"]
[Result "1/2-1/2"]
[WhiteElo "2399"]
[BlackElo "2301"]
[PlyCount "32"]
[EventDate "1999.07.22"]
[Source "ChessBase"]
[SourceDate "1999.10.01"]

1. c3 c5 2. e3 e5 3. d4 exd4 4. cxd4 cxd4 5. exd4 Nf6 6. Nf3 Bb4+ 7. Bd2 Bxd2+ 8. Nbxd2 O-O 9. Be2 d5 10. O-O Nc6 11. Bb5 Qb6 12. Bxc6 Qxc6 13. Rc1 Qb6 14. Qb3 Bf5 15. Qxb6 axb6 16. a3 Rfc8 1/2-1/2

[Event "Barcelona UGA"]
[Site "Barcelona ESP"]
[Date "1994.??.??"]
[Round "11"]
[White "Narciso Dublan, Marc"]
[Black "Hernando Rodrigo, Jose Maria"]
[Result "1/2-1/2"]
[WhiteElo "2340"]
[BlackElo "2355"]
[PlyCount "20"]
[EventDate "1994.??.??"]
[Source "www.chesslib.no"]
[SourceDate "2004.05.04"]

1. c3 Nf6 2. Nf3 d6 3. d4 g6 4. Bg5 Nbd7 5. e3 Bg7 6. Be2 O-O 7. O-O e5 8. Nbd2 Qe7 9. a4 e4 10. Ne1 Re8 1/2-1/2

[Event "Paks Cup GM"]
[Site "Paks"]
[Date "2004.08.27"]
[Round "7"]
[White "Paschall, William M"]
[Black "Zelic, Mladen"]
[Result "1-0"]
[WhiteElo "2389"]
[BlackElo "2300"]
[PlyCount "89"]
[EventDate "2004.08.21"]
[Source "Roberto Alvarez"]
[SourceDate "2004.09.15"]

1. c3 f5 2. g3 Nf6 3. d4 g6 4. Bg2 Bg7 5. Nh3 d6 6. Qb3 c6 7. Ng5 d5 8. Bf4 h6 9. Nf3 g5 10. Bxb8 Rxb8 11. Ne5 Qd6 12. Nd2 O-O 13. f4 c5 14. Ndf3 Ne4 15. dxc5 Qxc5 16. Nd4 b5 17. Qb4 Qc7 18. Ndc6 Rb7 19. Rd1 e6 20. Bxe4 fxe4 21. O-O Re8 22. Qd4 Bd7 23. Nb4 a5 24. Na6 Qd8 25. Nc5 Rc7 26. b4 axb4 27. cxb4 Bc8 28. e3 Qe7 29. Rd2 Ra7 30. Rdf2 Ra3 31. Kh1 Rf8 32. Qd2 Qe8 33. Qe2 d4 34. exd4 e3 35. Rf3 Bb7 36. Nxb7 Qa8 37. Rxe3 Qxb7+ 38. Kg1 Rxe3 39. Qxe3 gxf4 40. Rxf4 Rc8 41. Nd3 Qd5 42. Nc5 Qxa2 43. Qxe6+ Qxe6 44. Nxe6 Rc4 45. Rg4 1-0

[Event "Hoogovens-B"]
[Site "Wijk aan Zee"]
[Date "1975.??.??"]
[Round "10"]
[White "Bohm, Hans"]
[Black "Timman, Ton"]
[Result "1/2-1/2"]
[WhiteElo "2300"]
[BlackElo "2385"]
[PlyCount "52"]
[EventDate "1975.??.??"]
[Source "ChessBase"]

1. c3 f5 2. d4 Nf6 3. Bg5 g6 4. Bxf6 exf6 5. e3 d5 6. h4 h5 7. Nh3 Bd6 8. g3 c6 9. Nf4 Kf7 10. Nd2 Nd7 11. Bd3 Nf8 12. c4 dxc4 13. Bxc4+ Kg7 14. Qb3 Qe7 15. a4 a5 16. d5 Rb8 17. O-O b5 18. axb5 cxb5 19. Bd3 a4 20. Qd1 Bxf4 21. exf4 Qd6 22. Qf3 Nd7 23. Rac1 Nc5 24. Bb1 Bd7 25. Ba2 Rhe8 26. Rfe1 Rxe1+ 1/2-1/2

[Event "Corr"]
[Site "?"]
[Date "1998.??.??"]
[Round "?"]
[White "Metz Hartmut"]
[Black "Deschamp Guy"]
[Result "1/2-1/2"]
[WhiteElo "2360"]
[BlackElo "2325"]
[PlyCount "146"]
[EventDate "1998.??.??"]
[Source "www.chesslib.no"]
[SourceDate "2004.05.04"]

1. c3 d5 2. d4 Nf6 3. Nf3 Bf5 4. Qb3 b6 5. Bf4 a6 6. e3 e6 7. Nbd2 Be7 8. h3 Nbd7 9. Be2 O-O 10. O-O c5 11. a4 Ne4 12. Nxe4 Bxe4 13. Rfd1 Qc8 14. Nd2 c4 15. Qa2 Bc2 16. Rdc1 Bg6 17. b3 b5 18. Qb2 Qc6 19. Ra2 Rfc8 20. Rca1 Bd3 21. axb5 axb5 22. Bxd3 cxd3 23. Rxa8 Rxa8 24. Rxa8+ Qxa8 25. Qb1 b4 26. c4 e5 27. Bxe5 Nxe5 28. dxe5 dxc4 29. Nxc4 Qd5 30. Qd1 g6 31. Nb2 d2 32. Nc4 Qd3 33. Nxd2 Bf8 34. Qe1 Bg7 35. f4 f6 36. Kf2 fxe5 37. fxe5 Bxe5 38. Qe2 Qf5+ 39. Nf3 Qf7 40. Qd1 Kg7 41. Ke2 Bc3 42. e4 Qa7 43. Qd5 Qa2+ 44. Kf1 Qa1+ 45. Kf2 Qa7+ 46. Kg3 Qe3 47. h4 Qa7 48. e5 Qe7 49. Kf4 Qf8+ 50. Ke3 Qf5 51. Qd6 h5 52. Qe7+ Kg8 53. e6 Bg7 54. Qd8+ Bf8 55. Qe8 Kg7 56. Qd7+ Kg8 57. Qc8 Qf6 58. Ke4 Qf5+ 59. Kd4 Kg7 60. Qd7+ Kg8 61. Qd5 Qf4+ 62. Kd3 Be7 63. Qc4 Qf6 64. Ke3 Qb2 65. Qd5 Qc2 66. Qd3 Qc5+ 67. Ke2 Kg7 68. Qe4 Qc3 69. Qd5 Qb2+ 70. Ke3 Qc3+ 71. Qd3 Qc1+ 72. Kf2 Kf6 73. Ng5 Qf4+ 1/2-1/2

[Event "Baden-Baden Open"]
[Site "Baden-Baden GER"]
[Date "1993.??.??"]
[Round "4"]
[White "Metz, Hartmut"]
[Black "Schmaltz, Roland"]
[Result "0-1"]
[WhiteElo "2275"]
[BlackElo "2410"]
[PlyCount "130"]
[EventDate "1993.08.??"]
[Source "www.chesslib.no"]
[SourceDate "2004.05.04"]

1. c3 g6 2. d4 Bg7 3. Bf4 d6 4. Nf3 Nd7 5. e3 e5 6. dxe5 dxe5 7. Bg3 Qe7 8. Bc4 Ngf6 9. h3 O-O 10. O-O b6 11. Qe2 a6 12. a4 Bb7 13. Rd1 e4 14. Nd4 Ne5 15. Bxe5 Qxe5 16. Nd2 Rfd8 17. Nf1 Ne8 18. Qc2 Nd6 19. Ba2 Rd7 20. Rd2 a5 21. Nb5 Rad8 22. Rad1 Qe7 23. Nxd6 Rxd6 24. Bc4 Be5 25. Rxd6 Bxd6 26. Rd4 Kg7 27. Qd1 Qe5 28. Qe2 f5 29. g3 Qe7 30. Ba6 Bc6 31. Bb5 Bb7 32. Ba6 Bc6 33. Bb5 Ba8 34. Qc4 Qf7 35. Qe2 g5 36. Bc4 Qf6 37. Bd5 Be5 38. Qc4 Bxd4 39. Qxc7+ Kh8 40. Bxa8 Be5 41. Qc6 Qxc6 42. Bxc6 Kg7 43. g4 Kf6 44. gxf5 Kxf5 45. b4 Rd1 46. bxa5 bxa5 47. c4 h5 48. Kg2 h4 49. Nh2 Bxh2 50. Kxh2 Rd2 51. Kg2 Ke5 52. Bb7 Rb2 53. Bc6 Rb4 54. Bb5 Kd6 55. Kf1 Kc5 56. Kg2 Rb2 57. Ba6 Ra2 58. Bb5 Kb4 59. Bc6 Kxc4 60. Bxe4 Rxa4 61. Kf3 Kc5 62. Bg6 Rb4 63. e4 a4 64. Kg4 a3 65. Bf7 Rc4 0-1

[Event "1. League TCh-SCG"]
[Site "?"]
[Date "2003.08.31"]
[Round "3"]
[White "Pejovic Jovan"]
[Black "Jeremic Veljko"]
[Result "0-1"]
[WhiteElo "2204"]
[BlackElo "2467"]
[PlyCount "60"]
[EventDate "2003.??.??"]
[Source "www.chesslib.no"]
[SourceDate "2004.05.04"]

1. c3 Nf6 2. g3 d5 3. Bg2 g6 4. Nh3 Bg7 5. d4 h5 6. f3 c5 7. Nf2 Qb6 8. e3 Nc6 9. f4 Bg4 10. Qb3 Bf5 11. Nd2 O-O-O 12. h3 Qc7 13. Qa3 cxd4 14. exd4 Bc2 15. h4 Ng4 16. Nf3 Nxf2 17. Kxf2 f6 18. Be3 e5 19. Rac1 Be4 20. dxe5 fxe5 21. Ng5 Bf5 22. Rhe1 exf4 23. Bxf4 Be5 24. Bxe5 Nxe5 25. Rxe5 Qxe5 26. Nf7 Qc7 27. Nxd8 Qb6+ 28. Kf3 Bg4+ 29. Kf4 Qf2+ 30. Kg5 Qf5# 0-1

[Event "Luzern ol (Men)"]
[Site "Lucerne SUI"]
[Date "1982.??.??"]
[Round "6"]
[White "Rogers, Ian"]
[Black "Greenfeld, Alon"]
[Result "1-0"]
[WhiteElo "2365"]
[BlackElo "2305"]
[PlyCount "61"]
[EventDate "1982.10.??"]
[Source "www.chesslib.no"]
[SourceDate "2004.05.04"]

1. c3 Nf6 2. Nf3 b6 3. Qc2 Bb7 4. d3 g6 5. Bg5 Bg7 6. Nbd2 O-O 7. e4 c5 8. Be2 Nc6 9. O-O d5 10. Rfe1 Qd7 11. Bf1 e5 12. a4 h6 13. Bh4 Rae8 14. Rad1 d4 15. Nc4 Nh5 16. Qb3 Ba6 17. Bg3 Kh7 18. Qa3 Nxg3 19. hxg3 f5 20. exf5 gxf5 21. cxd4 Bxc4 22. dxc4 cxd4 23. g4 a5 24. Nh4 Nb4 25. Nxf5 e4 26. Qh3 d3 27. b3 Rf6 28. Nxg7 Kxg7 29. g5 Rfe6 30. gxh6+ Kh8 31. Rxe4 1-0

[Event "Tch (Men) 2005/2006 JOR"]
[Site "?"]
[Date "2006.05.??"]
[Round "8"]
[White "Taleb Salem"]
[Black "Korobov Anton"]
[Result "0-1"]
[WhiteElo "2126"]
[BlackElo "2543"]
[PlyCount "68"]
[EventDate "2006.??.??"]
[Source "www.chesslib.no"]
[SourceDate "2004.05.04"]

1. c3 Nf6 2. Nf3 g6 3. d3 Bg7 4. e4 d6 5. Be2 O-O 6. h3 c5 7. Be3 b6 8. a4 Bb7 9. Nbd2 Nc6 10. Bg5 h6 11. Bf4 e5 12. Bh2 Re8 13. O-O d5 14. Qc2 Rc8 15. Rfd1 Nh5 16. Bf1 Nf4 17. Bxf4 exf4 18. Qb3 Na5 19. Qc2 d4 20. c4 Nc6 21. Qb3 Rc7 22. Rdc1 Bc8 23. Re1 h5 24. Be2 Rce7 25. Nh2 Be5 26. Qd1 f6 27. Nb3 f5 28. Nd2 Rg7 29. Bf3 Kf7 30. Kf1 Rh8 31. Ra3 Be6 32. Rb3 Nb4 33. Rxb4 cxb4 34. Nb3 a5 0-1

[Event "Sao Paulo CCM CAP"]
[Site "Sao Paulo BRA"]
[Date "1995.04.??"]
[Round "3"]
[White "Santos, Renato Andrade"]
[Black "Pelikian, Jefferson"]
[Result "0-1"]
[WhiteElo "2330"]
[BlackElo "2335"]
[PlyCount "76"]
[EventDate "1995.??.??"]
[Source "www.chesslib.no"]
[SourceDate "2004.05.04"]

1. c3 Nf6 2. Nf3 b6 3. g3 Bb7 4. Bg2 g6 5. O-O Bg7 6. d3 d5 7. Bf4 O-O 8. a4 a5 9. Na3 Nbd7 10. Ne5 Nh5 11. d4 Nxf4 12. gxf4 Nxe5 13. fxe5 f6 14. exf6 exf6 15. c4 Kh8 16. Rc1 Rc8 17. e3 f5 18. f4 Re8 19. Re1 g5 20. Qd2 c5 21. Nb5 gxf4 22. exf4 Rg8 23. Kh1 Qd7 24. dxc5 Rxc5 25. Rg1 d4 26. Bxb7 Qxb7+ 27. Qg2 Qd7 28. b3 Rcc8 29. Qf3 Rge8 30. Rge1 Rxe1+ 31. Rxe1 Bf6 32. Rd1 Qe7 33. h3 Rg8 34. Rg1 Rd8 35. Kh2 d3 36. Rd1 Qe4 37. Qxe4 fxe4 38. Kg3 e3 0-1

[Event "HUN-chT2 9899"]
[Site "?"]
[Date "1999.??.??"]
[Round "?"]
[White "Barczay Laszlo"]
[Black "Horvath Gabor"]
[Result "1/2-1/2"]
[WhiteElo "2405"]
[BlackElo "2245"]
[PlyCount "101"]
[EventDate "1999.??.??"]
[Source "www.chesslib.no"]
[SourceDate "2004.05.04"]

1. c3 Nf6 2. g3 e5 3. Bg2 d5 4. d3 g6 5. Nf3 Nc6 6. O-O Bg7 7. Qc2 O-O 8. e4 h6 9. Re1 Be6 10. Nbd2 Re8 11. a3 a5 12. b3 Nh7 13. Bb2 f5 14. b4 fxe4 15. dxe4 d4 16. Bf1 Rf8 17. b5 dxc3 18. bxc6 cxb2 19. Rab1 b6 20. Bc4 Bxc4 21. Qxc4+ Kh8 22. Rxb2 Qf6 23. Re2 Rad8 24. Rb5 Qd6 25. Nh4 Ng5 26. Rd5 Qf6 27. Kg2 Kh7 28. Rxd8 Rxd8 29. Ndf3 Ne6 30. Re3 Rd6 31. Rc3 Nd8 32. Rd3 Rxc6 33. Qb5 Rd6 34. Rxd6 Qxd6 35. Qe8 Nc6 36. Qf7 b5 37. g4 b4 38. axb4 axb4 39. g5 h5 40. Nf5 gxf5 41. exf5 Qf8 42. Qg6+ Kh8 43. Qxh5+ Kg8 44. f6 Bxf6 45. gxf6 Qxf6 46. Ng5 Nd4 47. h4 c5 48. Qe8+ Kg7 49. Qd7+ Kg8 50. Qe8+ Kg7 51. Qd7+ 1/2-1/2

[Event "Timisoara"]
[Site "Timisoara"]
[Date "1994.??.??"]
[Round "8"]
[White "Mozes, Ervin"]
[Black "Berescu, Alin"]
[Result "1/2-1/2"]
[WhiteElo "2385"]
[BlackElo "2255"]
[PlyCount "29"]
[EventDate "1994.??.??"]
[Source "www.chesslib.no"]
[SourceDate "2004.05.04"]

1. c3 c5 2. g3 Nf6 3. Bg2 d5 4. d3 g6 5. f4 Bg7 6. Nf3 O-O 7. O-O Nc6 8. Qe1 b6 9. h3 Bb7 10. g4 d4 11. Bd2 Qd7 12. Na3 Nd5 13. Nc2 f5 14. g5 e5 15. fxe5 1/2-1/2

[Event "Chigorin mem"]
[Site "St Petersburg"]
[Date "1999.11.07"]
[Round "6"]
[White "Toporov, Victor"]
[Black "Kirusha, Andrey"]
[Result "1-0"]
[WhiteElo "2270"]
[BlackElo "2364"]
[PlyCount "55"]
[EventDate "1999.11.02"]
[Source "ChessBase"]
[SourceDate "2000.02.01"]

1. c3 g6 2. f4 Bg7 3. Nf3 Nf6 4. g3 O-O 5. Bg2 d6 6. O-O c5 7. d3 Nc6 8. e4 Qc7 9. h3 Rb8 10. a4 c4 11. e5 Ne8 12. d4 f6 13. Qe2 Na5 14. Nbd2 Bf5 15. Nh4 fxe5 16. fxe5 dxe5 17. g4 Be6 18. Rxf8+ Kxf8 19. Qf3+ Kg8 20. d5 Bd7 21. Ne4 Nd6 22. Bg5 Qb6+ 23. Kh2 Qxb2 24. Re1 Rf8 25. Qg3 Nxe4 26. Rxe4 Rf7 27. Nf3 Qxc3 28. Re3 1-0

[Event "MK Cafe Cup-B"]
[Site "?"]
[Date "1998.??.??"]
[Round "10"]
[White "Tobak Andrey"]
[Black "Ilczuk Piotr"]
[Result "1/2-1/2"]
[WhiteElo "2360"]
[BlackElo "2270"]
[PlyCount "115"]
[EventDate "1998.??.??"]
[Source "www.chesslib.no"]
[SourceDate "2004.05.04"]

1. c3 Nc6 2. d4 e5 3. g3 f5 4. dxe5 Nxe5 5. Nd2 Bc5 6. Ngf3 Ng4 7. Nd4 N8f6 8. h3 Ne5 9. Nxf5 O-O 10. Nd4 Qe7 11. e3 d5 12. Be2 Ne4 13. Nxe4 dxe4 14. Qc2 Qf6 15. Rh2 Bxd4 16. exd4 Nf3+ 17. Bxf3 exf3 18. Bf4 Qf7 19. Kf1 Be6 20. b3 b5 21. Re1 a5 22. Qd3 a4 23. Qxf3 axb3 24. axb3 Bxb3 25. Qc6 Rfe8 26. Be5 Bd5 27. Qc5 Ra2 28. Kg1 c6 29. Qd6 Rea8 30. Bf4 Rc2 31. Qb4 h5 32. Rg2 Bxg2 33. Kxg2 Raa2 34. Rf1 h4 35. Kg1 Qf5 36. Qe7 Rxc3 37. Be5 Qg6 38. Qd8+ Kh7 39. Qxh4+ Kg8 40. d5 Rc4 41. Qd8+ Kh7 42. d6 Qe6 43. Bxg7 Kxg7 44. Qc7+ Qf7 45. d7 Rxf2 46. Qe5+ Kh7 47. Rxf2 Qxd7 48. Qh5+ Kg7 49. Qg5+ Kh7 50. Kh2 Re4 51. h4 Qd5 52. Qc1 Rd4 53. Qa3 Qe5 54. Qa7+ Kh6 55. Qf7 Rxh4+ 56. Kg2 Qe4+ 57. Rf3 Qe2+ 58. Rf2 1/2-1/2

[Event "Dieren Open"]
[Site "Dieren NED"]
[Date "1991.??.??"]
[Round "3"]
[White "Etmans, Maarten D"]
[Black "Reinderman, Dimitri"]
[Result "0-1"]
[WhiteElo "2240"]
[BlackElo "2390"]
[PlyCount "70"]
[EventDate "1991.??.??"]
[Source "www.chesslib.no"]
[SourceDate "2004.05.04"]

1. c3 d6 2. e4 Nf6 3. Nf3 g6 4. g3 Bg7 5. Bg2 O-O 6. Qe2 c5 7. O-O Nc6 8. d3 e5 9. Nbd2 h6 10. Nc4 b5 11. Ne3 Rb8 12. Ne1 Qc7 13. f4 exf4 14. gxf4 b4 15. Bd2 Ba6 16. Qf3 bxc3 17. bxc3 Ne7 18. Rf2 Rb2 19. Nc4 Bxc4 20. dxc4 Nd7 21. Qd3 Nb6 22. f5 Nd7 23. Nf3 g5 24. Bh3 Nc6 25. Raf1 Nf6 26. Kh1 Qe7 27. Bg2 g4 28. Ne1 Ne5 29. Qg3 Nh5 30. Qe3 Nxc4 31. Qd3 Ne5 32. Qa6 Rb6 33. Qe2 Qh4 34. Kg1 g3 35. hxg3 Nxg3 0-1

[Event "CUB Ch sf"]
[Site "Villa Clara CUB"]
[Date "1995.??.??"]
[Round "7"]
[White "Espinosa, Julio"]
[Black "De la Paz, Frank"]
[Result "1-0"]
[WhiteElo "2340"]
[BlackElo "2290"]
[PlyCount "71"]
[EventDate "1995.??.??"]
[Source "www.chesslib.no"]
[SourceDate "2004.05.04"]

1. c3 Nf6 2. d3 d5 3. Nd2 c5 4. Ngf3 Nc6 5. e4 dxe4 6. dxe4 g6 7. Bc4 Bg7 8. O-O O-O 9. Qe2 Na5 10. Bd3 a6 11. Nb3 Nxb3 12. axb3 Be6 13. Bc2 h6 14. Be3 Qc7 15. e5 Nh5 16. h3 Bxe5 17. Bxh6 Bg7 18. Bg5 Bd5 19. Nh4 e5 20. Nf5 Nf4 21. Bxf4 gxf5 22. Bh2 Qc6 23. Bxf5 Bxg2 24. Qh5 Rfd8 25. Rfe1 Bh1 26. Qg5 Kf8 27. Bh7 Bf6 28. Qg4 Bf3 29. Qg3 Rd2 30. Rxe5 Bxe5 31. Qg8+ Ke7 32. Qg5+ Kf8 33. Bxe5 Rad8 34. Re1 Re2 35. Qxd8+ Qe8 36. Bd6+ 1-0

[Event "Lyngby Open"]
[Site "Lyngby DEN"]
[Date "1991.??.??"]
[Round "1"]
[White "Welling, Gerard"]
[Black "Burgess, Graham"]
[Result "1/2-1/2"]
[WhiteElo "2330"]
[BlackElo "2300"]
[PlyCount "90"]
[EventDate "1991.??.??"]
[Source "www.chesslib.no"]
[SourceDate "2004.05.04"]

1. c3 Nf6 2. g3 g6 3. Bg2 Bg7 4. e4 O-O 5. d4 d6 6. Ne2 e5 7. O-O Nc6 8. dxe5 Nxe5 9. f4 Nc4 10. Qd3 Nb6 11. c4 Nfd7 12. Qc2 Nc5 13. Be3 Bg4 14. Nd4 Re8 15. Nd2 f5 16. h3 Nxe4 17. Nxe4 Bxh3 18. Bxh3 Rxe4 19. Qd3 c5 20. Nc2 Nxc4 21. Bg2 d5 22. Bxc5 Nxb2 23. Qb3 Rc8 24. Bf2 Re2 25. Qxd5+ Qxd5 26. Bxd5+ Kh8 27. Ne3 Nd3 28. Bxb7 Re8 29. Ba6 R8xe3 30. Bxe3 Bxa1 31. Bxa7 Rxa2 32. Bxd3 Rxa7 33. Rb1 Bd4+ 34. Kf1 Ra2 35. Be2 Ra3 36. Rd1 Bf6 37. Rd3 Ra7 38. Bf3 Kg7 39. Rb3 Ra1+ 40. Kg2 Ra2+ 41. Kf1 Bd4 42. Be2 h5 43. Rb7+ Kh6 44. Rd7 Bf6 45. Rd6 Kg7 1/2-1/2

[Event "Corr"]
[Site "?"]
[Date "1998.??.??"]
[Round "?"]
[White "Metz Hartmut"]
[Black "Otte Harro"]
[Result "1-0"]
[WhiteElo "2280"]
[BlackElo "2335"]
[PlyCount "51"]
[EventDate "1998.??.??"]
[Source "www.chesslib.no"]
[SourceDate "2004.05.04"]

1. c3 d5 2. d4 Nf6 3. Nf3 Bf5 4. Qb3 b6 5. Bf4 e6 6. Nbd2 Bd6 7. Bg3 O-O 8. e3 c5 9. Nh4 Bg4 10. f3 Bh5 11. Bxd6 Qxd6 12. g4 Bg6 13. Nxg6 hxg6 14. g5 Nfd7 15. f4 Nc6 16. h4 Ne7 17. Qd1 cxd4 18. cxd4 Qb4 19. Rb1 Rac8 20. a3 Qd6 21. Bd3 Rfe8 22. h5 Nf8 23. Qg4 gxh5 24. Qxh5 Nfg6 25. Nf3 Kf8 26. Ne5 1-0

[Event "Young Masters 5th"]
[Site "Loures"]
[Date "1998.11.10"]
[Round "8"]
[White "Peixoto, Antonio"]
[Black "Rocha, Sergio"]
[Result "1/2-1/2"]
[WhiteElo "2185"]
[BlackElo "2425"]
[PlyCount "94"]
[EventDate "1998.11.09"]
[Source "ChessBase"]
[SourceDate "1999.01.01"]

1. c3 d5 2. d4 Nf6 3. e3 Bf5 4. Be2 e6 5. f4 c5 6. Nf3 Nc6 7. O-O Qc7 8. b3 Bd6 9. Ne5 Nd7 10. Bb2 f6 11. Nxd7 Qxd7 12. Nd2 Qc7 13. Rc1 cxd4 14. cxd4 g5 15. Bh5+ Bg6 16. Qg4 Qf7 17. Bxg6 hxg6 18. Nf3 O-O-O 19. fxg5 f5 20. Ne5 Bxe5 21. dxe5 Qh7 22. Qf4 Qh4 23. Ba3 Rd7 24. Qxh4 Rxh4 25. Rf4 Rdh7 26. Rxh4 Rxh4 27. g3 Re4 28. Kf2 Kd7 29. Bd6 b6 30. h4 Nxe5 31. Bxe5 Rxe5 32. Rd1 Re4 33. Rd4 Rxd4 34. exd4 Kd6 35. a4 a5 36. Kf3 e5 37. Ke3 Ke6 38. dxe5 Kxe5 39. Kd3 Kd6 40. Kd4 Ke6 41. Ke3 Ke5 42. Kf3 d4 43. Ke2 Kd5 44. Kd3 Ke5 45. Kd2 Kd5 46. Kd3 Ke5 47. Kd2 Kd5 1/2-1/2

[Event "SVK-ch op"]
[Site "?"]
[Date "2000.08.30"]
[Round "5"]
[White "Bombek Peter"]
[Black "Petran Peter"]
[Result "0-1"]
[WhiteElo "2271"]
[BlackElo "2336"]
[PlyCount "74"]
[EventDate "2000.??.??"]
[Source "www.chesslib.no"]
[SourceDate "2004.05.04"]

1. c3 g6 2. d4 Bg7 3. Bg5 d6 4. Nf3 Nd7 5. Nbd2 Ngf6 6. e3 b6 7. Bd3 Bb7 8. Qc2 c5 9. O-O h6 10. Bh4 g5 11. Bg3 Nh5 12. a4 a6 13. dxc5 Nxc5 14. Nd4 Nxg3 15. hxg3 e6 16. Be2 h5 17. b4 Nd7 18. Bf3 d5 19. e4 g4 20. Be2 Nf6 21. Rfd1 dxe4 22. b5 e3 23. bxa6 exf2+ 24. Kxf2 Bd5 25. Bb5+ Kf8 26. c4 Rc8 27. N2b3 Ne4+ 28. Kg1 Qg5 29. Qd3 Ba8 30. Rf1 Nc5 31. Nxc5 Qxc5 32. Rad1 Rd8 33. Rf4 Rh6 34. Kh2 Kg8 35. Rxf7 Kxf7 36. Qf1+ Rf6 37. Nxe6 Rxf1 0-1

[Event "Interteam ch"]
[Site "?"]
[Date "1998.03.01"]
[Round "10"]
[White "Thoeng Paulus"]
[Black "Goormachtigh Johan"]
[Result "1/2-1/2"]
[WhiteElo "2295"]
[BlackElo "2310"]
[PlyCount "36"]
[EventDate "1998.??.??"]
[Source "www.chesslib.no"]
[SourceDate "2004.05.04"]

1. c3 c5 2. g3 Nc6 3. Bg2 g6 4. d4 cxd4 5. cxd4 d5 6. Nc3 Nf6 7. Nf3 Bg7 8. Ne5 O-O 9. Bf4 e6 10. Qd2 Bd7 11. Rd1 Nxe5 12. Bxe5 Bc6 13. h4 h6 14. O-O Rc8 15. b4 b6 16. Rc1 Qe7 17. a3 Rfd8 18. Qd3 Bb7 1/2-1/2

[Event "Munich Open 9293"]
[Site "Munich GER"]
[Date "1993.??.??"]
[Round "4"]
[White "Phildius, Bernhard"]
[Black "Siegel, Georg"]
[Result "0-1"]
[WhiteElo "2315"]
[BlackElo "2285"]
[PlyCount "89"]
[EventDate "1993.??.??"]
[Source "www.chesslib.no"]
[SourceDate "2004.05.04"]

1. c3 Nf6 2. Qc2 c5 3. e4 Nc6 4. Nf3 d5 5. d3 e6 6. Bg5 Be7 7. Nbd2 O-O 8. Be2 b6 9. O-O Ba6 10. Qa4 Qc8 11. e5 Nd7 12. Bxe7 Nxe7 13. Rfe1 Nc6 14. d4 Bxe2 15. Rxe2 b5 16. Qd1 Qd8 17. Nb3 c4 18. Nbd2 b4 19. Nf1 Rb8 20. Qd2 a5 21. h4 a4 22. a3 bxc3 23. bxc3 Rb3 24. N1h2 Na7 25. Ng4 Nb5 26. Re3 Qe7 27. Ng5 Nxa3 28. Rg3 f5 29. exf6 Nxf6 30. Nxf6+ Rxf6 31. Re3 h6 32. Nh3 Qb7 33. Ree1 Nb1 34. Qc1 Nxc3 35. Nf4 Qf7 36. g3 Qd7 37. Re3 Ne4 38. Rxe4 dxe4 39. Qxc4 Rf3 40. Rxa4 Kh7 41. Qc2 R3xf4 42. gxf4 Rxf4 43. d5 Rg4+ 44. Kf1 Qb5+ 45. Rc4 0-1

[Event "It Open"]
[Site "Mainz GER"]
[Date "1989.??.??"]
[Round "4"]
[White "Bromberger, Stefan"]
[Black "Thieme-Garmann Alexander (GER"]
[Result "1-0"]
[WhiteElo "2345"]
[BlackElo "2240"]
[PlyCount "89"]
[EventDate "1989.??.??"]
[Source "www.chesslib.no"]
[SourceDate "2004.05.04"]

1. c3 d5 2. d4 Nc6 3. g3 e5 4. Bg2 Nf6 5. Nh3 h6 6. O-O Bf5 7. f3 Qd7 8. Nf2 e4 9. b3 Bd6 10. Na3 O-O 11. Nc2 exf3 12. exf3 Rfe8 13. Ne3 Be6 14. Re1 Ne7 15. Qd3 Nf5 16. Neg4 Nxg4 17. Nxg4 f6 18. Bd2 h5 19. Nf2 h4 20. g4 Ne7 21. Nh3 Bf7 22. g5 Be6 23. Qf1 Bf5 24. gxf6 gxf6 25. Nf2 Kf7 26. Ng4 Rh8 27. Bh3 Rag8 28. Kh1 Rg6 29. Re2 Ke8 30. Rae1 Kd8 31. Re3 Rh7 32. c4 c5 33. Bc3 Bf4 34. R3e2 dxc4 35. dxc5 Qc6 36. Ne3 Bd3 37. Nxc4 Rhg7 38. Qf2 Bxe2 39. Qxe2 Qxc5 40. Qd1+ Qd5 41. Bd4 Kc7 42. Bxa7 Qxd1 43. Rxd1 b5 44. Rd7+ Kc8 45. Nb6# 1-0

[Event "Young Masters 6th"]
[Site "Loures"]
[Date "1998.12.10"]
[Round "9"]
[White "Peixoto, Antonio"]
[Black "Vasallo, Mauricio"]
[Result "0-1"]
[WhiteElo "2185"]
[BlackElo "2400"]
[PlyCount "148"]
[EventDate "1998.12.07"]
[Source "ChessBase"]
[SourceDate "1999.01.01"]

1. c3 d6 2. e4 Nf6 3. f4 c6 4. d3 g6 5. Nf3 Bg7 6. Be2 Qb6 7. Na3 d5 8. e5 Ng4 9. d4 h5 10. Nc2 Na6 11. a4 Nb8 12. a5 Qc7 13. Nh4 Nh6 14. Ne3 e6 15. b4 Qd8 16. g3 Bf8 17. Bd3 Nf5 18. Nexf5 exf5 19. Nf3 Be7 20. h4 Nd7 21. b5 Nf8 22. bxc6 bxc6 23. Ba3 Ne6 24. Bxe7 Qxe7 25. Qa4 Bd7 26. Qa3 Qxa3 27. Rxa3 Rb8 28. Rh2 c5 29. Rd2 c4 30. Bc2 Ke7 31. Kd1 Rb5 32. Kc1 Rhb8 33. Rd1 Rb2 34. Kd2 R8b3 35. Rda1 Rxa3 36. Rxa3 Nd8 37. Kc1 Rb5 38. Nd2 a6 39. Nb1 Nc6 40. Ra1 Nxa5 41. Nd2 Bc8 42. Ba4 Rb6 43. Bd1 Nc6 44. Ba4 Nd8 45. Bd1 Nb7 46. Nf1 Bd7 47. Ne3 Ke6 48. Bf3 Bc6 49. Kc2 a5 50. Rb1 Rxb1 51. Kxb1 f6 52. Nxc4 Bb5 53. Nb2 Nd8 54. Ka2 fxe5 55. fxe5 Nf7 56. Kb3 Nh6 57. c4 dxc4+ 58. Nxc4 a4+ 59. Kb4 Bxc4 60. Kxc4 Ng4 61. Bd5+ Ke7 62. Kd3 Nf2+ 63. Ke3 Ne4 64. Kf4 a3 65. Bb3 Kd7 66. d5 Nc5 67. e6+ Kd6 68. Bc4 Ne4 69. Bb3 Nd2 70. Ba2 Nf1 71. Kg5 Nxg3 72. Kxg6 f4 73. Kf7 Nf5 74. Kf6 Ne7 0-1

[Event "It (Open) Leiden NED"]
[Site "?"]
[Date "2006.02.26"]
[Round "6"]
[White "Knol Geon"]
[Black "Jonkman Harmen"]
[Result "0-1"]
[WhiteElo "2102"]
[BlackElo "2470"]
[PlyCount "56"]
[EventDate "2006.??.??"]
[Source "www.chesslib.no"]
[SourceDate "2004.05.04"]

1. c3 e5 2. g3 d5 3. d4 exd4 4. cxd4 c6 5. Bg2 Nf6 6. Nc3 Nbd7 7. Nf3 Be7 8. O-O O-O 9. Qc2 Re8 10. Nd2 Nf8 11. Rd1 Ne6 12. Nf1 h6 13. f3 c5 14. dxc5 Bxc5+ 15. Kh1 Nd4 16. Qd2 Bf5 17. b4 Bb6 18. Bb2 Bg6 19. Rac1 Nf5 20. e4 dxe4 21. fxe4 Qxd2 22. Rxd2 Ne3 23. Nd5 Nxg2 24. Nxb6 Bxe4 25. Nxa8 Nf4+ 26. Rg2 Bxg2+ 27. Kg1 Ne2+ 28. Kxg2 Nxc1 0-1

[Event "Montone"]
[Site "Montone"]
[Date "1989.??.??"]
[Round "?"]
[White "Rossi, Carlo"]
[Black "Drei, Andrea"]
[Result "1-0"]
[WhiteElo "2320"]
[BlackElo "2245"]
[PlyCount "64"]
[EventDate "1989.??.??"]
[Source "www.chesslib.no"]
[SourceDate "2004.05.04"]

1. c3 c5 2. g3 Nf6 3. Bg2 g6 4. d3 Bg7 5. Qb3 Nc6 6. Qb5 d6 7. Bxc6+ bxc6 8. Qxc6+ Bd7 9. Qg2 Rb8 10. Nd2 Qc8 11. Nc4 Bc6 12. f3 Nd5 13. Bd2 Qa6 14. Nh3 Nc7 15. e4 Bb5 16. Ne3 Bxd3 17. Nf1 O-O 18. Nf2 Bc4 19. h4 d5 20. h5 dxe4 21. Nxe4 f5 22. Nxc5 Qd6 23. b4 Nd5 24. a3 Rfd8 25. f4 e5 26. Nh2 Bb5 27. a4 Nxb4 28. cxb4 Bc6 29. Qe2 Bxh1 30. O-O-O Qc6 31. fxe5 a5 32. hxg6 hxg6 1-0